[Event "Hessenliga 0506"]
[Site "Germany"]
[Date "2006.04.02"]
[Round "11.5"]
[White "Dunsbach, Ralf"]
[Black "Schwamberger, Martin"]
[Result "0-1"]
[WhiteElo "2241"]
[BlackElo "2318"]
[PlyCount "82"]
[EventDate "2005.09.11"]
[EventType "team"]
[EventRounds "11"]
[EventCountry "GER"]
[SourceTitle "EXT 2007"]
[Source "ChessBase"]
[SourceDate "2006.11.23"]
[SourceVersion "1"]
[SourceVersionDate "2006.11.23"]
[SourceQuality "1"]
[WhiteTeam "Schoeneck II"]
[BlackTeam "Hofheim II"]
[WhiteTeamCountry "GER"]
[BlackTeamCountry "GER"]

1. Nf3 e6 2. c4 Nf6 3. g3 c5 4. Bg2 Qc7 5. 0-0 a6 6. Nc3 Be7 7. b3 0-0 8. Bb2 b6 9. d4 cxd4 10. Nxd4 Bb7 11. e4 d6 12. Rc1 Nbd7 13. Qe2 Rfe8 14. Rfd1 Rac8 15. Nc2 Qb8 16. Ne1 Ba8 17. Ba3 Bf8 18. Nd3 b5 19. cxb5 axb5 20. Bb2 b4 21. Nb1 Qb5 22. Qe1 d5 23. exd5 Nxd5 24. Qd2 Be7 25. h4 Rcd8 26. Ba1 Bd6 27. Qc2 Qb6 28. Kh2 N7f6 29. Kh3 h5 30. Nd2 Ng4 31. Nc4 Qb8 32. Nxd6 Qxd6 33. Qe2 e5 34. Nb2 Qe6 35. f3 Nge3+ 36. Kh2 Nxd1 37. Nxd1 Rc8 38. Rxc8 Rxc8 39. Qxe5 Qxe5 40. Bxe5 Rc2 41. Kh3 Rd2 0-1

[Event "Oberliga Ost B 9798"]
[Site "Germany"]
[Date "1998.??.??"]
[Round "?.4"]
[White "Roosen, Holger"]
[Black "Schwamberger, Martin"]
[Result "1/2-1/2"]
[WhiteElo "2165"]
[BlackElo "2330"]
[PlyCount "75"]
[EventDate "1997.09.??"]
[EventType "team"]
[EventRounds "11"]
[EventCountry "GER"]
[SourceTitle "EXT 1999"]
[Source "ChessBase"]
[SourceDate "1998.11.16"]
[SourceVersion "1"]
[SourceVersionDate "1998.11.16"]
[SourceQuality "1"]

1. c4 Nf6 2. Nc3 c5 3. g3 Nc6 4. Bg2 g6 5. e3 Bg7 6. Nge2 0-0 7. d4 d6 8. 0-0 Bf5 9. b3 Qc8 10. Bb2 cxd4 11. Nxd4 Nxd4 12. exd4 Bh3 13. Re1 Bxg2 14. Kxg2 e6 15. Rc1 a6 16. Qf3 Qc7 17. Re2 h5 18. Ne4 Nxe4 19. Qxe4 Rab8 20. h4 Rfd8 21. d5 Bxb2 22. Rxb2 e5 23. b4 b6 24. Rbc2 Rbc8 25. Kg1 a5 26. a3 Qb7 27. bxa5 bxa5 28. c5 dxc5 29. Rxc5 Rxc5 30. Rxc5 Qb6 31. Qc4 e4 32. Rc8 Rxc8 33. Qxc8+ Kg7 34. Qc3+ Kg8 35. Qe5 Qb1+ 36. Kg2 Qd3 37. d6 e3 38. fxe3 1/2-1/2

[Event "Oberliga Ost B 9798"]
[Site "Germany"]
[Date "1998.??.??"]
[Round "?.4"]
[White "Schwamberger, Martin"]
[Black "Fischer, Dieter"]
[Result "1-0"]
[WhiteElo "2330"]
[BlackElo "2185"]
[PlyCount "63"]
[EventDate "1997.09.??"]
[EventType "team"]
[EventRounds "11"]
[EventCountry "GER"]
[SourceTitle "EXT 1999"]
[Source "ChessBase"]
[SourceDate "1998.11.16"]
[SourceVersion "1"]
[SourceVersionDate "1998.11.16"]
[SourceQuality "1"]

1. Nf3 d5 2. d4 Nf6 3. c4 e6 4. g3 c6 5. Bg2 Be7 6. 0-0 0-0 7. Nc3 Nbd7 8. Qd3 b6 9. cxd5 exd5 10. Bf4 Bb7 11. Rfd1 Re8 12. Rac1 Bf8 13. h4 h6 14. Bh3 Ne4 15. Nxd5 cxd5 16. Bxd7 Qxd7 17. Rc7 Qa4 18. Rxb7 Qxa2 19. Qb5 Re7 20. Rxe7 Bxe7 21. Ne5 Nd6 22. Qd7 Bf8 23. Nd3 Qb3 24. Rc1 Ne4 25. Ne5 Nd6 26. Rc6 Qb4 27. Nd3 Qxd4 28. Bxd6 Qa4 29. Bxf8 Rxf8 30. Qxd5 Qd1+ 31. Kg2 Qxe2 32. Rc7 1-0

[Event "Oberliga Ost B 9798"]
[Site "Germany"]
[Date "1998.??.??"]
[Round "?.4"]
[White "Schwamberger, Martin"]
[Black "Oumnov, Aleksei"]
[Result "1/2-1/2"]
[WhiteElo "2330"]
[BlackElo "2255"]
[PlyCount "121"]
[EventDate "1997.09.??"]
[EventType "team"]
[EventRounds "11"]
[EventCountry "GER"]
[SourceTitle "EXT 1999"]
[Source "ChessBase"]
[SourceDate "1998.11.16"]
[SourceVersion "1"]
[SourceVersionDate "1998.11.16"]
[SourceQuality "1"]

1. Nf3 Nf6 2. c4 e6 3. g3 b6 4. Bg2 Bb7 5. 0-0 Be7 6. Nc3 0-0 7. Re1 Ne4 8. Nxe4 Bxe4 9. d3 Bb7 10. e4 f5 11. e5 a5 12. b3 a4 13. Bd2 axb3 14. axb3 Nc6 15. Bc3 Nb4 16. Qd2 Rxa1 17. Rxa1 Nc6 18. d4 Qb8 19. d5 Nd8 20. Nd4 Re8 21. Qa2 Bc5 22. b4 Bxd4 23. Bxd4 Nf7 24. Qa7 Ng5 25. h4 Ne4 26. dxe6 dxe6 27. Qxb8 Rxb8 28. Ra7 Kf8 29. c5 bxc5 30. bxc5 h6 31. h5 Kg8 32. Kh2 Kf8 33. g4 fxg4 34. c6 Bxc6 35. Rxc7 Bd5 36. Be3 Rb3 37. Bxe4 Bxe4 38. Kg3 Bf5 39. Kf4 Rb4+ 40. Kg3 Rb3 41. Rc8+ Ke7 42. Rc7+ Kf8 43. Rc8+ Kf7 44. Rc7+ Kg8 45. Rc8+ Kh7 46. Rc7 Rb1 47. Rc1 Rb5 48. Rc7 Rb1 49. Rc1 Rb7 50. Rc6 g6 51. Bb6 gxh5 52. Rc7+ Rxc7 53. Bxc7 Be4 54. Bb6 Kg6 55. Be3 Kf5 56. Bxh6 Kxe5 57. Be3 Bf3 58. Ba7 Kf5 59. Be3 Be2 60. Ba7 e5 61. Be3 1/2-1/2

[Event "Oberliga Ost B 9798"]
[Site "Germany"]
[Date "1997.??.??"]
[Round "?.4"]
[White "Schwamberger, Martin"]
[Black "Jugow, Alexander"]
[Result "0-1"]
[WhiteElo "2330"]
[BlackElo "2230"]
[PlyCount "86"]
[EventDate "1997.09.??"]
[EventType "team"]
[EventRounds "11"]
[EventCountry "GER"]
[SourceTitle "EXT 1999"]
[Source "ChessBase"]
[SourceDate "1998.11.16"]
[SourceVersion "1"]
[SourceVersionDate "1998.11.16"]
[SourceQuality "1"]

1. d4 Nf6 2. Nf3 g6 3. c4 Bg7 4. Nc3 0-0 5. e4 d6 6. h3 e5 7. d5 Nbd7 8. Bg5 h6 9. Be3 Nc5 10. Nd2 Ne8 11. b4 Nd7 12. Nb3 f5 13. Be2 Ndf6 14. Qc1 g5 15. Qc2 Nxe4 16. Nxe4 fxe4 17. g4 c6 18. dxc6 bxc6 19. Na5 Bd7 20. Rd1 Qe7 21. Qd2 Rf4 22. b5 Rd8 23. Nb7 Rb8 24. Nxd6 Bf8 25. Nxe4 Rxe4 26. Qxd7 Qxd7 27. Rxd7 cxb5 28. cxb5 Bb4+ 29. Kf1 Nf6 30. Rxa7 Nd5 31. Ra4 Nc3 32. Ra6 Rf8 33. Bd3 Rxe3 34. Rg6+ Kh7 35. Rd6+ e4 36. Rd7+ Kh8 37. Bc4 Ref3 38. h4 Rxf2+ 39. Ke1 Nxb5+ 40. Kd1 Nc3+ 41. Ke1 Nxa2+ 42. Kd1 Nc3+ 43. Ke1 Nd5+ 0-1

[Event "BL2-West 9394"]
[Site "Germany"]
[Date "1993.??.??"]
[Round "?.2"]
[White "Schwamberger, Martin"]
[Black "Legde, Georg"]
[Result "1-0"]
[WhiteElo "2320"]
[BlackElo "2265"]
[PlyCount "45"]
[EventDate "1993.10.??"]
[EventType "team-tourn"]
[EventRounds "9"]
[EventCountry "GER"]
[SourceTitle "GER-chT2"]
[Source "ChessBase"]
[SourceDate "1999.07.01"]
[SourceVersion "1"]
[SourceVersionDate "1999.07.01"]
[SourceQuality "1"]
[WhiteTeam "Saarbruecken"]
[BlackTeam "Giessen"]
[WhiteTeamCountry "GER"]
[BlackTeamCountry "GER"]

1. d4 d5 2. c4 e6 3. Nc3 c6 4. e4 dxe4 5. Nxe4 Bb4+ 6. Bd2 Qxd4 7. Bxb4 Qxe4+ 8. Be2 c5 9. Bxc5 Qxg2 10. Bf3 Qg5 11. Bd6 Ne7 12. Ne2 Nbc6 13. Rg1 Qf6 14. Nc3 Nf5 15. Bxc6+ bxc6 16. Ne4 Qd4 17. Qxd4 Nxd4 18. Rxg7 Nc2+ 19. Kd2 Nxa1 20. Nf6+ Kd8 21. Rxf7 Ba6 22. Bc7+ Kc8 23. Ne4 1-0

[Event "GER CupT"]
[Site "Germany"]
[Date "1991.??.??"]
[Round "?"]
[White "Rechel, Bernd"]
[Black "Schwamberger, Martin"]
[Result "0-1"]
[WhiteElo "2350"]
[BlackElo "2310"]
[PlyCount "72"]
[EventDate "1991.??.??"]
[EventType "team"]
[EventRounds "9"]
[EventCountry "GER"]
[SourceTitle "TD"]
[Source "ChessBase"]
[SourceDate "1994.03.01"]
[SourceVersion "1"]
[SourceVersionDate "1994.03.01"]
[SourceQuality "1"]

1. e4 e5 2. Nf3 Nc6 3. Bb5 a6 4. Ba4 Nf6 5. 0-0 b5 6. Bb3 Bb7 7. Re1 Bc5 8. c3 d6 9. d4 Bb6 10. a4 0-0 11. axb5 axb5 12. Rxa8 Bxa8 13. Bg5 h6 14. Bh4 g5 15. Bg3 exd4 16. Qd3 Na5 17. Ba2 c5 18. e5 c4 19. Qf5 Nh5 20. Nbd2 Ng7 21. Qb1 d3 22. b3 d5 23. bxc4 bxc4 24. Qd1 Nc6 25. Nf1 Nf5 26. e6 f6 27. N3d2 Re8 28. Nxc4 dxc4 29. Bxc4 Nce7 30. Qh5 Rf8 31. Nd2 Kg7 32. Rd1 Nxg3 33. hxg3 Bxf2+ 34. Kxf2 Qb6+ 35. Kf1 Nf5 36. Qh2 Qe3 0-1

[Event "Wuppertal-B"]
[Site "Wuppertal"]
[Date "1986.??.??"]
[Round "?"]
[White "Thiel, Kuno"]
[Black "Schwamberger, Martin"]
[Result "1/2-1/2"]
[WhiteElo "2340"]
[BlackElo "2340"]
[PlyCount "49"]
[EventDate "1986.10.??"]
[EventType "tourn"]
[EventRounds "11"]
[EventCountry "GER"]
[EventCategory "2"]
[SourceTitle "EXT 1997"]
[Source "ChessBase"]
[SourceDate "1996.11.15"]
[SourceVersion "1"]
[SourceVersionDate "1996.11.15"]
[SourceQuality "1"]

1. Nf3 g6 2. d4 Nf6 3. g3 Bg7 4. Bg2 0-0 5. c4 c5 6. 0-0 cxd4 7. Nxd4 Nc6 8. Nc3 Ng4 9. e3 d6 10. b3 Nxd4 11. exd4 Nh6 12. Bxh6 Bxh6 13. Qe2 Bg7 14. Rad1 Rb8 15. Rfe1 Re8 16. h4 Bd7 17. Qd3 Qa5 18. a4 Bg4 19. Bf3 Bxf3 20. Qxf3 a6 21. Nd5 e6 22. Nf6+ Bxf6 23. Qxf6 Qd8 24. Qf4 Qe7 25. Qd2 1/2-1/2